000 00345nam a22001577a 4500
003 SGT
020 _a9780198828266
082 _a616.0707
_bS05R
100 _aRobinson, Max
245 _aSoames' and Southam's Oral Pathology
250 _a5th
260 _bOxford Press
_c2005
300 _a237
650 _aOral PAthology
942 _2ddc
_cBK
999 _c24877
_d24877